01736nam a2200457 i 450000100060000000300080000600500170001400600190003100700150005000800410006502000180010602000270012403500230015103500240017403500250019803500210022304000310024405000210027508000100029608000120030608200160031810000220033424501160035626400850047230000400055733600310059733700330062833800430066149000460070450000230075050400290077358801250080265000530092765000580098065000370103865000420107565500270111770000250114483000470116985600620121629011FlNmELB20241216220115.0m o d | cr cnu||||||||160324s2015 ag ob 001 0 spa d z9789871309191 a9781512928563 (e-book) a(MiAaPQ)EBC4422666 a(Au-PeEL)EBL4422666 a(CaPaEBR)ebr11162444 a(OCoLC)984773947 aFINmELBbspaerdacFINmELB 4aLA547bN575 2015 a373.5 a305.2350 a372.9822231 aNúñez, Pedro.10aRadiografías de la experiencia escolar :bser joven(es) en la escuela /cPedro Núñez, Lucía Litichever. 1aBuenos Aires :bEdiciones del Aula Taller :bGrupo Editor Universitario,c[2015] a1 recurso en línea (87 páginas) atextobtxt2rdacontent/spa acomputadorabc2rdamedia/spa arecurso en líneabcr2rdacarrier/spa1 aColección Las juventudes argentinas hoy aContiene índice. aContiene bibliografía. aDescripción basada en recurso en línea; Título de la página del título en PDF (e-libro, visto March 24, 2016). 0aEducation, SecondaryxSocial aspectszArgentina. 4aEducación secundariaxAspectos socialeszArgentina. 0aHigh school studentszArgentina. 4aEstudiantes de secundariazArgentina. 4aLibros electrónicos.1 aLitichever, Lucía. 0aColección Las juventudes argentinas hoy.40uhttps://elibro.net/ereader/politecnicointernacional/76471